Medagliere Olimpiadi estive Seul 1988 - Statistics

Statistiche generali
  • Questo quiz è stato fatto 4 volte
  • Il punteggio medio è 6 su 10
Statistiche sulle risposte
Medaglie d'Oro Medaglie d'Argento Medaglie di Bronzo Medaglie complessive Rappresentativa olimpica % Corretto
5 11 12 28 Cina
100%
36 31 27 94 Stati Uniti
100%
55 31 46 132 Unione Sovietica
100%
12 10 11 33 Corea del Sud
67%
11 14 15 40 Germania Ovest
67%
5 10 9 24 Gran Bretagna
67%
37 35 30 102 Germania Est
33%
7 11 6 24 Romania
33%
11 6 6 23 Ungheria
33%
10 12 13 35 Bulgaria
0%
Nessun quiz corrispondente trovato
Distribuzione punteggi
Percentuale di utenti per punteggio
Percentile per numero di risposta
I tuoi punteggi nel tempo
Non hai fatto questo quiz